Listování /

Hlavní autor: Werich, Jan, 1905-1980
Další autoři: Bělíková, Marie
Jazyk: Čeština
Vydáno: Praha : Československý spisovatel, 1990
Vydání: 2. vyd.
Edice: Vzpomínky a korespondence
Témata:
Externí odkaz: Digitalizovaný dokument
Fyzický popis: 272 s., obr. příl. : il.
Knihy
Uloženo v:
LEADER 01367nam a22003132a 4500
001 000046198
003 CZ BrMZK
005 20180613085930.0
007 ta
008 951201s1990 xr f cze d
015 |a cnb000053111 
020 |a 80-202-0110-6 
035 |a (OCoLC)22255245 
040 |a BOA001  |b cze 
080 |a 885.0-6:929 Werich, Jan  |2 MRF 
100 1 |a Werich, Jan,  |d 1905-1980  |7 jk01151601  |4 aut 
245 1 0 |a Listování /  |c Jan Werich : úryvky z korespondence a článků ; uspořádala, textově připravila, komentářem, úvody ke kapitolám, bibliografií a věcnými poznámkami opatřila, fotografie vybrala Marie Bělíková 
250 |a 2. vyd. 
260 |a Praha :  |b Československý spisovatel,  |c 1990 
300 |a 272 s., obr. příl. :  |b il. 
490 1 |a Vzpomínky a korespondence 
700 1 |a Bělíková, Marie  |7 mzk2003169454  |4 edt 
830 0 |a Vzpomínky a korespondence  |0 s 
856 4 1 |u http://www.digitalniknihovna.cz/mzk/uuid/uuid:19602220-5370-11e3-ae59-005056827e52  |y Digitalizovaný dokument  |x NDK 
910 |a BOA001  |b PK-0113.546  |b 2-0954.696 
964 |a Werich, Jan - korespondence - výbory 
990 |a BK 
996 7 |b 2619343174  |c 2-0954.696  |l MZK  |r Sklad / do 1 hodiny  |n 1  |w 000046198  |u 000020  |a 1  |e BOA001  |j MZK50  |s A 
996 7 |b 3119983400  |c PK-0113.546  |l MZK  |r Sklad / do 1 hodiny  |n 2  |w 000046198  |u 000010  |a 1  |e BOA001  |j MZK50  |s A